[Event "European Rapid 2011"]
[Site "Warsaw POL"]
[Date "2011.12.17"]
[Round "1"]
[White "Golubeva, Marija"]
[Black "Jobava, Baadur"]
[Result "0-1"]
[WhiteElo "1824"]
[BlackElo "2678"]
[PlyCount "70"]
[EventDate "2011.12.17"]

1. e4 c6 2. d4 d5 3. e5 Bf5 4. Nf3 e6 5. Be2 Ne7 6. O-O Nd7 7. Be3 Bg4 8. h3
Bxf3 9. Bxf3 Nf5 10. Qe2 c5 11. c3 Be7 12. Nd2 O-O 13. Rac1 b5 14. b3 Rb8 15.
Bg4 cxd4 16. cxd4 Nxe3 17. Qxe3 Qa5 18. Rc2 Rbc8 19. Rfc1 Nb6 20. Nb1 g6 21.
Rxc8 Nxc8 22. Rc2 a6 23. Qc3 Bb4 24. Qc7 Ne7 25. Qxa5 Bxa5 26. Kf1 Bb6 27. f4
h5 28. Bf3 Nf5 29. Rc6 Rb8 30. Na3 Nxd4 31. Rc1 Nxf3 32. gxf3 Be3 33. Re1 Bxf4
34. Nc2 Rc8 35. Nb4 Bd2 0-1

[Event "European Rapid 2011"]
[Site "Warsaw POL"]
[Date "2011.12.17"]
[Round "2"]
[White "Klepaczka, Tomasz"]
[Black "Nepomniachtchi, Ian"]
[Result "0-1"]
[WhiteElo "2166"]
[BlackElo "2730"]
[PlyCount "60"]
[EventDate "2011.12.17"]

1. e4 g6 2. d4 Bg7 3. Nc3 d6 4. Nf3 a6 5. Bc4 b5 6. Bb3 e6 7. O-O Bb7 8. Bg5
Ne7 9. Re1 h6 10. Bh4 Nd7 11. a4 b4 12. Na2 a5 13. c3 c5 14. e5 dxe5 15. Nxe5
Nxe5 16. dxe5 g5 17. Bg3 Nf5 18. Qh5 O-O 19. Rad1 Qb6 20. Nc1 Qc6 21. f3 c4 22.
Bc2 Nxg3 23. hxg3 Qc5+ 24. Kh2 Rfd8 25. f4 gxf4 26. Rxd8+ Rxd8 27. gxf4 bxc3
28. bxc3 Qf2 29. Qe2 Qxf4+ 30. g3 Qg5 0-1

[Event "European Rapid 2011"]
[Site "Warsaw POL"]
[Date "2011.12.17"]
[Round "2"]
[White "Bacrot, Etienne"]
[Black "Iwanow, Anna"]
[Result "1-0"]
[WhiteElo "2714"]
[BlackElo "2169"]
[PlyCount "63"]
[EventDate "2011.12.17"]

1. d4 Nf6 2. c4 g6 3. Nc3 Bg7 4. e4 O-O 5. Bd3 d6 6. Nge2 e5 7. d5 Nbd7 8. h3
Nc5 9. Bc2 a5 10. Be3 Qe7 11. g4 Bd7 12. Ng3 c6 13. a4 Na6 14. Rc1 Nb4 15. Bb1
Rfc8 16. g5 Ne8 17. h4 Nc7 18. h5 Rf8 19. Nf5 gxf5 20. exf5 f6 21. h6 fxg5 22.
hxg7 Rxf5 23. dxc6 bxc6 24. Ne4 d5 25. Ng3 e4 26. Qh5 Qxg7 27. Bd4 Qf7 28. Nxf5
Bxf5 29. Qxg5+ Bg6 30. Qe5 Qd7 31. cxd5 Nbxd5 32. Rxc6 1-0

[Event "European Rapid 2011"]
[Site "Warsaw POL"]
[Date "2011.12.17"]
[Round "2"]
[White "Lach, Aleksandra"]
[Black "Naiditsch, Arkadij"]
[Result "0-1"]
[WhiteElo "2160"]
[BlackElo "2712"]
[PlyCount "116"]
[EventDate "2011.12.17"]

1. e4 e5 2. Nf3 Nc6 3. Bc4 Nf6 4. d3 Be7 5. O-O d6 6. c3 Bg4 7. Bb3 Qd7 8. Nbd2
g5 9. Nc4 Rg8 10. Ne3 Be6 11. Nd5 g4 12. Ng5 Bxd5 13. exd5 Na5 14. Ne4 Nxb3 15.
Qxb3 O-O-O 16. Be3 a6 17. c4 Nh5 18. c5 dxc5 19. d6 Bxd6 20. Rac1 Kb8 21. Bxc5
Nf4 22. Bxd6 Ne2+ 23. Kh1 Nxc1 24. Rxc1 cxd6 25. Nf6 Qe6 26. Qxe6 fxe6 27. Nxg8
Rxg8 28. f3 gxf3 29. gxf3 Rg7 30. a3 a5 31. Rc4 Ka7 32. Rh4 Kb6 33. Rh6 Re7 34.
Kg2 Kb5 35. Rh4 d5 36. Kf2 Kc5 37. b4+ axb4 38. Rxb4 b5 39. Ke3 Ra7 40. Rb3 Ra4
41. Rc3+ Kd6 42. Rb3 Rh4 43. Rxb5 Rxh2 44. d4 exd4+ 45. Kxd4 Rh4+ 46. Ke3 Ra4
47. Rb7 h5 48. Rh7 Rxa3+ 49. Kf2 Ra2+ 50. Kg3 d4 51. Rxh5 d3 52. Rh1 Kd5 53.
Rh5+ Kd4 54. Rh6 Re2 55. Kf4 d2 56. Rh8 e5+ 57. Kg4 Ke3 58. Rd8 Re1 0-1

[Event "European Rapid 2011"]
[Site "Warsaw POL"]
[Date "2011.12.17"]
[Round "2"]
[White "Riazantsev, Alexander"]
[Black "Prokopowicz, Czeslaw"]
[Result "1-0"]
[WhiteElo "2710"]
[BlackElo "2154"]
[PlyCount "114"]
[EventDate "2011.12.17"]

1. d4 d5 2. c4 Nf6 3. Nf3 e6 4. Nc3 Be7 5. Bg5 O-O 6. Qc2 Nbd7 7. cxd5 exd5 8.
e3 h6 9. Bh4 c6 10. Bd3 Re8 11. O-O Ne4 12. Bxe7 Qxe7 13. b4 Qxb4 14. Nxe4 dxe4
15. Bxe4 Nf6 16. Bd3 Qb6 17. Rab1 Qc7 18. Bc4 Be6 19. Rfc1 Bd5 20. Bxd5 Nxd5
21. Qc5 Qe7 22. Qa5 Kh7 23. Rb3 b6 24. Qa4 Rac8 25. h3 b5 26. Qa5 Qb7 27. Ne5
Re6 28. Rb2 f6 29. Nd3 Qb6 30. Qd2 a5 31. h4 Qd8 32. Qc2 Kh8 33. Rxb5 Nxe3 34.
fxe3 Rxe3 35. Qc4 Rxd3 36. Qxd3 cxb5 37. Rxc8 Qxc8 38. Qxb5 Qc1+ 39. Qf1 Qd2
40. Qf2 Qd1+ 41. Kh2 a4 42. Qe3 Qc2 43. a3 Qb3 44. Qf3 Kg8 45. h5 Kf7 46. Qg3
Ke6 47. Qg4+ Kd5 48. Qxg7 Qb8+ 49. Kh3 Qb3+ 50. g3 Qxa3 51. Qf7+ Ke4 52. Qg6+
Kxd4 53. Qxf6+ Kd5 54. Qxh6 Qb2 55. Qg5+ Kd6 56. Qf4+ Qe5 57. h6 a3 1-0

[Event "European Rapid 2011"]
[Site "Warsaw POL"]
[Date "2011.12.17"]
[Round "2"]
[White "Pietruszewski, Marcin"]
[Black "Dreev, Aleksey"]
[Result "1/2-1/2"]
[WhiteElo "2149"]
[BlackElo "2710"]
[PlyCount "91"]
[EventDate "2011.12.17"]

1. e4 c5 2. Nf3 Nc6 3. d4 cxd4 4. Nxd4 Nf6 5. Nc3 d6 6. Bg5 Bd7 7. Qd2 Rc8 8.
Nxc6 Bxc6 9. f3 a6 10. O-O-O e6 11. Ne2 b5 12. Nd4 Bb7 13. Kb1 Be7 14. h4 O-O
15. Bd3 Nd7 16. g4 Ne5 17. Be3 d5 18. Qh2 dxe4 19. Bxe4 Nxg4 20. Qg3 Nxe3 21.
Nxe6 fxe6 22. Rxd8 Rfxd8 23. Bxb7 Rxc2 24. Qe5 Bc5 25. Be4 Rxb2+ 26. Qxb2 Nc4
27. Qc3 Rd2 28. Qxd2 Nxd2+ 29. Kc2 Nc4 30. h5 h6 31. Kc3 Kf7 32. Rd1 Nd6 33.
Kd3 Ba3 34. Kc3 Kf6 35. Kb3 Bc5 36. Rc1 Nc4 37. Rxc4 bxc4+ 38. Kxc4 Bb6 39. Kd3
g5 40. hxg6 h5 41. Ke2 h4 42. f4 h3 43. Kf3 h2 44. Kg3 Bc7 45. Kxh2 Bxf4+ 46.
Kg2 1/2-1/2

[Event "European Rapid 2011"]
[Site "Warsaw POL"]
[Date "2011.12.17"]
[Round "2"]
[White "Wojtaszek, Radoslaw"]
[Black "Kudzma, Laimonas"]
[Result "1-0"]
[WhiteElo "2705"]
[BlackElo "2152"]
[PlyCount "43"]
[EventDate "2011.12.17"]

1. d4 Nf6 2. c4 e6 3. Nc3 Bb4 4. e3 b6 5. Nge2 Bb7 6. a3 Be7 7. Ng3 O-O 8. e4
d6 9. Be2 c5 10. d5 Re8 11. O-O Bf8 12. Be3 a6 13. Qd2 Nbd7 14. dxe6 fxe6 15.
f4 b5 16. cxb5 d5 17. e5 d4 18. exf6 Nxf6 19. bxa6 Bxa6 20. Bxa6 dxc3 21. Qxd8
Rexd8 22. Bc4 1-0

[Event "European Rapid 2011"]
[Site "Warsaw POL"]
[Date "2011.12.17"]
[Round "2"]
[White "Ongarelli, Marco"]
[Black "Shirov, Alexei"]
[Result "0-1"]
[WhiteElo "2146"]
[BlackElo "2705"]
[PlyCount "56"]
[EventDate "2011.12.17"]

1. d4 Nf6 2. Nf3 e6 3. Bf4 c5 4. e3 Qb6 5. Nc3 d5 6. Rb1 cxd4 7. exd4 Bd7 8.
Be2 Bd6 9. Bxd6 Qxd6 10. Ne5 Nc6 11. f4 Qb4 12. Nxc6 bxc6 13. O-O c5 14. a3 Qb6
15. Bf3 cxd4 16. Na2 d3+ 17. Kh1 dxc2 18. Qxc2 O-O 19. Nc3 Rac8 20. Qd2 a5 21.
b4 axb4 22. axb4 Rc4 23. Ne2 Rfc8 24. Rfc1 h6 25. g3 Rxc1+ 26. Rxc1 Qf2 27.
Rxc8+ Bxc8 28. Bg2 Ba6 0-1

[Event "European Rapid 2011"]
[Site "Warsaw POL"]
[Date "2011.12.17"]
[Round "2"]
[White "Jobava, Baadur"]
[Black "Roussel, Cyril"]
[Result "1-0"]
[WhiteElo "2678"]
[BlackElo "2140"]
[PlyCount "63"]
[EventDate "2011.12.17"]

1. c4 Nf6 2. Nc3 g6 3. e4 d6 4. d4 Bg7 5. f4 O-O 6. Nf3 e5 7. dxe5 dxe5 8. Qxd8
Rxd8 9. Nxe5 Nfd7 10. Nf3 Bxc3+ 11. bxc3 Nc5 12. e5 Nd3+ 13. Ke2 Nxc1+ 14. Rxc1
Nc6 15. Ke3 Na5 16. Nd4 a6 17. Be2 f6 18. exf6 Rd6 19. c5 Rxf6 20. g3 Bf5 21.
Rhe1 Be6 22. Kf2 Bd5 23. Bf3 Rd8 24. Re7 Bxf3 25. Kxf3 Rf7 26. Rce1 Nc6 27.
Nxc6 bxc6 28. R7e6 Rd3+ 29. R1e3 Rd2 30. Re2 Rd3+ 31. Kg4 Rxc3 32. Rxc6 1-0

[Event "European Rapid 2011"]
[Site "Warsaw POL"]
[Date "2011.12.17"]
[Round "3"]
[White "Kula, Robert"]
[Black "Bacrot, Etienne"]
[Result "0-1"]
[WhiteElo "2341"]
[BlackElo "2714"]
[PlyCount "68"]
[EventDate "2011.12.17"]

1. d4 Nf6 2. c4 g6 3. Nc3 Bg7 4. e4 d6 5. Be2 O-O 6. Bg5 Na6 7. Qd2 c6 8. h4 h5
9. f3 Nc7 10. Nh3 Nh7 11. Be3 e5 12. d5 cxd5 13. cxd5 Qxh4+ 14. Nf2 Qe7 15. g4
h4 16. g5 f5 17. gxf6 Bxf6 18. O-O-O Kh8 19. Rdg1 g5 20. Bf1 a6 21. Bh3 Nb5 22.
Ne2 Bg7 23. Bf5 Bxf5 24. exf5 Rxf5 25. Ne4 Bh6 26. Kb1 Rg8 27. Rh3 Nc7 28. N2c3
Ne8 29. Qg2 Rff8 30. Qd2 Qd7 31. Rh2 Rxf3 32. Bxg5 Bxg5 33. Nxg5 Qf5+ 34. Nce4
Rxg5 0-1

[Event "European Rapid 2011"]
[Site "Warsaw POL"]
[Date "2011.12.17"]
[Round "3"]
[White "Naiditsch, Arkadij"]
[Black "Nikologorskiy, Konstantin"]
[Result "1-0"]
[WhiteElo "2712"]
[BlackElo "2336"]
[PlyCount "143"]
[EventDate "2011.12.17"]

1. e4 c5 2. Nf3 d6 3. Nc3 Nf6 4. d4 cxd4 5. Qxd4 Nc6 6. Bb5 Bd7 7. Bxc6 Bxc6 8.
Bg5 e6 9. O-O-O Be7 10. Qd3 O-O 11. Nd4 Qa5 12. f4 Rfe8 13. Kb1 Rac8 14. Rhe1
a6 15. h4 Qc7 16. f5 e5 17. Nf3 Red8 18. Bxf6 Bxf6 19. g4 b5 20. g5 Be7 21. f6
Bf8 22. Nh2 b4 23. Nd5 Bxd5 24. exd5 a5 25. Ng4 Qc4 26. Re4 Qxd3 27. Rxd3 Rc5
28. fxg7 Bxg7 29. Ne3 Rdc8 30. a3 bxa3 31. Rxa3 Rb8 32. b3 f6 33. gxf6 Bxf6 34.
Raa4 h5 35. Rac4 Rbb5 36. Rxc5 Rxc5 37. c4 Rc8 38. Nf5 Rd8 39. Ng3 Kf7 40. Nxh5
Be7 41. Ng3 Rh8 42. Nf5 Bf8 43. Ka2 Kf6 44. Ng3 Bh6 45. Re1 Bf4 46. Ne4+ Ke7
47. Rh1 Rg8 48. h5 Bh6 49. Ka3 Rg4 50. Re1 Rh4 51. Ng3 Kd7 52. Ka4 Bd2 53. Re2
Bf4 54. Ne4 Kc7 55. Kxa5 Rxh5 56. Rg2 Bh6 57. Rg6 Bf8 58. Rf6 Be7 59. Rf7 Kd8
60. Kb5 Rh3 61. b4 Re3 62. Nd2 Rd3 63. Rf2 Kd7 64. Re2 Rd4 65. Ne4 Rd3 66. Nd2
Kc7 67. Ne4 Rd4 68. Ng3 Bg5 69. Rh2 Rd3 70. Rh7+ Kd8 71. Ne4 Be7 72. Kc6 1-0

[Event "European Rapid 2011"]
[Site "Warsaw POL"]
[Date "2011.12.17"]
[Round "3"]
[White "Przybylski, Wojciech"]
[Black "Riazantsev, Alexander"]
[Result "0-1"]
[WhiteElo "2330"]
[BlackElo "2710"]
[PlyCount "172"]
[EventDate "2011.12.17"]

1. e4 c6 2. d4 d5 3. Nc3 dxe4 4. Nxe4 Bf5 5. Ng3 Bg6 6. h4 h6 7. Nf3 Nd7 8. h5
Bh7 9. Bd3 Bxd3 10. Qxd3 e6 11. Bf4 Qa5+ 12. Bd2 Bb4 13. Ne4 Ngf6 14. Nd6+ Ke7
15. Nc4 Bxd2+ 16. Nfxd2 Qc7 17. O-O-O Rhd8 18. Kb1 Kf8 19. Nf3 c5 20. Ne3 cxd4
21. Qxd4 Nc5 22. Qh4 Nce4 23. Nd4 Qb6 24. Nb3 a5 25. a4 Qb4 26. f3 Rxd1+ 27.
Nxd1 Nd2+ 28. Nxd2 Qxd2 29. Qf2 Rd8 30. g4 Rd4 31. Qxd2 Rxd2 32. Re1 Nd5 33.
Ne3 Nb6 34. b3 Rf2 35. Rf1 Re2 36. Nc4 Nxc4 37. bxc4 Re3 38. Kb2 Ke7 39. c3 Kd6
40. Kc2 Re2+ 41. Kb3 Rd2 42. Re1 Rd3 43. Rf1 Kc5 44. Rf2 Rd1 45. Re2 Rb1+ 46.
Kc2 Rf1 47. Re3 Kxc4 48. Re4+ Kc5 49. Re3 Rf2+ 50. Kb3 Rd2 51. Re5+ Rd5 52. Re4
Rd3 53. Rf4 f6 54. Rc4+ Kd6 55. Rc8 Rxf3 56. Rg8 Rg3 57. Rxg7 f5 58. Rxb7 Rxg4
59. Rh7 Ke5 60. Rxh6 Rh4 61. c4 f4 62. Kc3 Rh3+ 63. Kd2 Ra3 64. Rh8 Rxa4 65.
Kd3 Ra3+ 66. Kd2 Rh3 67. Ra8 Kd4 68. Rxa5 Rh2+ 69. Ke1 e5 70. c5 Rxh5 71. c6
Rh1+ 72. Kd2 Rh2+ 73. Kd1 Rh6 74. Ra4+ Kd5 75. Ra5+ Kd6 76. Ke2 Rh3 77. c7 Rc3
78. Ra6+ Kxc7 79. Re6 Re3+ 80. Kf2 Kd7 81. Ra6 Rd3 82. Rh6 Rd6 83. Rh5 Ke6 84.
Rh8 Kf5 85. Ra8 Rd2+ 86. Ke1 Rb2 0-1

[Event "European Rapid 2011"]
[Site "Warsaw POL"]
[Date "2011.12.17"]
[Round "3"]
[White "Genutis, Mindaugas"]
[Black "Wojtaszek, Radoslaw"]
[Result "0-1"]
[WhiteElo "2322"]
[BlackElo "2705"]
[PlyCount "58"]
[EventDate "2011.12.17"]

1. d4 Nf6 2. c4 e6 3. g3 c5 4. d5 d6 5. Bg2 exd5 6. cxd5 g6 7. Nc3 Bg7 8. Nf3
O-O 9. O-O Re8 10. Nd2 b6 11. h3 Ba6 12. a4 Qe7 13. Re1 Nbd7 14. Nb5 Ne5 15.
Qb3 Rac8 16. Nc4 Nxc4 17. Qxc4 Nd7 18. f4 f5 19. e4 fxe4 20. Rxe4 Bd4+ 21. Kh1
Qxe4 22. Bxe4 Rxe4 23. Bd2 Rce8 24. Qc2 Bxb5 25. axb5 Re2 26. Qd3 Nf6 27. Ra3
Rf2 28. Ra4 Ree2 29. Rxd4 Rf1# 0-1

[Event "European Rapid 2011"]
[Site "Warsaw POL"]
[Date "2011.12.17"]
[Round "3"]
[White "Shirov, Alexei"]
[Black "Matuszewski, Michal"]
[Result "1-0"]
[WhiteElo "2705"]
[BlackElo "2335"]
[PlyCount "93"]
[EventDate "2011.12.17"]

1. e4 c5 2. Nf3 d6 3. d4 cxd4 4. Nxd4 Nf6 5. Nc3 a6 6. h3 e5 7. Nde2 h5 8. g3
Be6 9. Bg2 Nbd7 10. f4 Rc8 11. b3 Nc5 12. a4 Qb6 13. f5 Bd7 14. Bg5 Bc6 15. a5
Qd8 16. Nd5 Bxd5 17. Bxf6 Qxf6 18. Qxd5 Qg5 19. b4 Nd7 20. c4 Be7 21. Qxb7 Rxc4
22. Qxa6 Rxb4 23. Qc8+ Bd8 24. a6 Rb2 25. Qc3 Nc5 26. h4 Qh6 27. a7 Rb3 28.
Qxc5 dxc5 29. a8=Q O-O 30. Qd5 Rb2 31. Rd1 Qe3 32. Qd3 Ba5+ 33. Kf1 Qxd3 34.
Rxd3 c4 35. Ra3 Bb4 36. Ra1 Rd8 37. Bf3 Rd3 38. Bxh5 c3 39. Ra8+ Bf8 40. Rc8 g6
41. fxg6 fxg6 42. Bg4 c2 43. Kg2 Kg7 44. Rc7+ Kh6 45. Rf1 Bd6 46. Rd7 Rd1 47.
Rff7 1-0

[Event "European Rapid 2011"]
[Site "Warsaw POL"]
[Date "2011.12.17"]
[Round "3"]
[White "Stoma, Pawel"]
[Black "Jobava, Baadur"]
[Result "0-1"]
[WhiteElo "2316"]
[BlackElo "2678"]
[PlyCount "50"]
[EventDate "2011.12.17"]

1. e4 c6 2. d4 d5 3. Nd2 dxe4 4. Nxe4 Bf5 5. Ng3 Bg6 6. h4 h6 7. Nf3 Nd7 8. h5
Bh7 9. Bd3 Bxd3 10. Qxd3 e6 11. Bd2 Ngf6 12. O-O-O Be7 13. Kb1 O-O 14. Ne4 Nxe4
15. Qxe4 Nf6 16. Qe2 Qd5 17. c4 Qf5+ 18. Ka1 Rad8 19. Be3 Ng4 20. Rd3 b5 21.
Nh4 Bxh4 22. Rxh4 bxc4 23. Rc3 Nxe3 24. fxe3 c5 25. dxc5 Qf2 0-1

[Event "European Rapid 2011"]
[Site "Warsaw POL"]
[Date "2011.12.17"]
[Round "4"]
[White "Nyzhnyk, Illya"]
[Black "Nepomniachtchi, Ian"]
[Result "0-1"]
[WhiteElo "2562"]
[BlackElo "2730"]
[PlyCount "66"]
[EventDate "2011.12.17"]

1. d4 Nf6 2. c4 g6 3. Nf3 Bg7 4. g3 d5 5. cxd5 Nxd5 6. Bg2 Nb6 7. Nc3 Nc6 8. e3
O-O 9. O-O Re8 10. Re1 a5 11. Qe2 Be6 12. Nd2 Nb4 13. Rd1 c6 14. a3 N4d5 15.
Nce4 Bf5 16. Nc5 e5 17. dxe5 Qe7 18. Nd3 Bxd3 19. Qxd3 Qxe5 20. Qc2 Nf6 21. Nb3
Ne4 22. Nd4 Nd5 23. Nf3 Qe7 24. Bd2 Qc5 25. Rac1 Qb6 26. Nd4 Nxf2 27. Kxf2 Bxd4
28. exd4 Qxd4+ 29. Kf1 Qf6+ 30. Kg1 Re2 31. Qc5 b6 32. Bc3 Nxc3 33. Qd4 Re1+
0-1

[Event "European Rapid 2011"]
[Site "Warsaw POL"]
[Date "2011.12.17"]
[Round "4"]
[White "Bacrot, Etienne"]
[Black "Antoniewski, Rafal"]
[Result "1-0"]
[WhiteElo "2714"]
[BlackElo "2559"]
[PlyCount "55"]
[EventDate "2011.12.17"]

1. d4 d5 2. c4 dxc4 3. Nf3 Nf6 4. e3 e6 5. Bxc4 c5 6. O-O a6 7. Bb3 Nc6 8. Nc3
cxd4 9. exd4 Be7 10. Bg5 O-O 11. Qd2 Na5 12. Bc2 Nc4 13. Qe2 Nb6 14. Qd3 g6 15.
Bb3 Bd7 16. Ne5 Bc6 17. Rfe1 Nbd5 18. Qh3 Nh5 19. Bxe7 Nxe7 20. Nxf7 Kxf7 21.
Qxe6+ Ke8 22. d5 Bd7 23. Qe5 Rf5 24. Qh8+ Rf8 25. Qxh7 Bf5 26. d6 Qxd6 27. Rad1
Nf6 28. Rxd6 1-0

[Event "European Rapid 2011"]
[Site "Warsaw POL"]
[Date "2011.12.17"]
[Round "4"]
[White "Shimanov, Aleksandr"]
[Black "Naiditsch, Arkadij"]
[Result "0-1"]
[WhiteElo "2549"]
[BlackElo "2712"]
[PlyCount "72"]
[EventDate "2011.12.17"]

1. d4 Nf6 2. Bg5 d5 3. Nd2 c5 4. Bxf6 gxf6 5. e3 Qb6 6. dxc5 Qxb2 7. c4 dxc4 8.
Bxc4 Nc6 9. Ngf3 e6 10. O-O Bxc5 11. Ne4 Be7 12. Nd6+ Bxd6 13. Qxd6 Qb4 14. Qf4
Ke7 15. Rfd1 e5 16. Qh4 Rd8 17. Rdb1 Qa4 18. h3 Rb8 19. Ng5 Bf5 20. Rc1 b5 21.
Nxf7 Rd2 22. Nh6 Be6 23. Bxe6 Qxh4 24. Nf5+ Kxe6 25. Nxh4 Rb6 26. g4 b4 27. Nf5
a5 28. Kf1 a4 29. Ke1 Rb2 30. Rc5 a3 31. Ng3 b3 32. axb3 a2 33. Ne2 Nb4 34. Kf1
Nc2 35. Rxc2 Rxc2 36. Nc1 Rxc1+ 0-1

[Event "European Rapid 2011"]
[Site "Warsaw POL"]
[Date "2011.12.17"]
[Round "4"]
[White "Riazantsev, Alexander"]
[Black "Jaracz, Pawel"]
[Result "0-1"]
[WhiteElo "2710"]
[BlackElo "2542"]
[PlyCount "82"]
[EventDate "2011.12.17"]

1. d4 d5 2. c4 dxc4 3. e4 c5 4. Nf3 cxd4 5. Qxd4 Qxd4 6. Nxd4 Bd7 7. Bxc4 Nc6
8. Be3 Nf6 9. f3 e6 10. Nxc6 Bxc6 11. Nd2 Nd7 12. Nb3 Ne5 13. Be2 Be7 14. O-O
O-O 15. Na5 Rfc8 16. Rac1 Bd8 17. Nxc6 Rxc6 18. f4 Rxc1 19. Rxc1 Nc6 20. Bb5
Nb4 21. a3 a6 22. Bd7 Nd3 23. Rc2 e5 24. f5 Be7 25. b4 a5 26. Bb5 Ne1 27. Rc1
axb4 28. a4 b3 29. Rxe1 b2 30. Kf1 Rc8 31. Ke2 Rc2+ 32. Kd3 Rxg2 33. Rb1 Rxh2
34. Kc4 h5 35. Bb6 h4 36. Kb3 h3 37. Ka2 Bg5 38. Rg1 Bf4 39. Bc4 Rc2 40. Bd5 h2
41. Rh1 Rc1 0-1

[Event "European Rapid 2011"]
[Site "Warsaw POL"]
[Date "2011.12.17"]
[Round "4"]
[White "Wojtaszek, Radoslaw"]
[Black "Durarbeyli, Vasif"]
[Result "1-0"]
[WhiteElo "2705"]
[BlackElo "2539"]
[PlyCount "91"]
[EventDate "2011.12.17"]

1. d4 d5 2. c4 c6 3. Nc3 Nf6 4. e3 e6 5. Nf3 Nbd7 6. Qc2 b6 7. Bd3 Bb7 8. O-O
Be7 9. Rd1 Qc7 10. b3 O-O 11. Bb2 h6 12. Rac1 Rac8 13. Qe2 Qb8 14. e4 dxe4 15.
Nxe4 Nxe4 16. Bxe4 Nf6 17. Bb1 Rfd8 18. c5 Rd5 19. b4 a5 20. a3 axb4 21. axb4
Qa7 22. Ne5 Ba6 23. Qf3 Bb5 24. Be4 Rf8 25. Bxd5 Nxd5 26. Ra1 Qc7 27. Qa3 Rb8
28. Bc1 Bf8 29. Re1 Ne7 30. Bf4 Nd5 31. Bg3 Qc8 32. Ng4 Nc7 33. Qf3 Rb7 34. Ra3
bxc5 35. bxc5 Qd8 36. Ne5 Nd5 37. Rea1 Qf6 38. Ra8 g6 39. Qxf6 Nxf6 40. R1a7
Rxa7 41. Rxa7 Ne4 42. Nxf7 Bc4 43. Be5 Bd5 44. Nd6 Nc3 45. Ra8 h5 46. Bf6 1-0

[Event "European Rapid 2011"]
[Site "Warsaw POL"]
[Date "2011.12.17"]
[Round "4"]
[White "Olszewski, Michal"]
[Black "Shirov, Alexei"]
[Result "0-1"]
[WhiteElo "2539"]
[BlackElo "2705"]
[PlyCount "46"]
[EventDate "2011.12.17"]

1. d4 d5 2. c4 c6 3. Nf3 Nf6 4. Nc3 e6 5. e3 Nbd7 6. Qc2 Bd6 7. b3 O-O 8. Bb2
e5 9. cxd5 cxd5 10. dxe5 Nxe5 11. Be2 Nxf3+ 12. Bxf3 d4 13. exd4 Re8+ 14. Be2
Bg4 15. O-O Bxh2+ 16. Kxh2 Qc7+ 17. g3 Rxe2 18. Qc1 Qa5 19. d5 Re5 20. Qf4 Rf5
21. Qd4 Bf3 22. g4 Nxg4+ 23. Kg3 Ne5 0-1

[Event "European Rapid 2011"]
[Site "Warsaw POL"]
[Date "2011.12.17"]
[Round "4"]
[White "Jobava, Baadur"]
[Black "Piorun, Kacper"]
[Result "1-0"]
[WhiteElo "2678"]
[BlackElo "2520"]
[PlyCount "63"]
[EventDate "2011.12.17"]

1. c4 Nf6 2. Nc3 e6 3. e4 d5 4. e5 d4 5. exf6 dxc3 6. bxc3 Qxf6 7. Bd3 Bd6 8.
Nf3 O-O 9. Be4 Nd7 10. d4 Bf4 11. Ba3 Re8 12. O-O e5 13. Re1 Qa6 14. Qb3 Nb6
15. g3 Nxc4 16. gxf4 Nxa3 17. Nxe5 Be6 18. d5 Bc8 19. Bd3 b5 20. c4 bxc4 21.
Nxc4 Bf5 22. Bxf5 Nxc4 23. Qd3 g6 24. Be4 Qa4 25. Qd4 Rad8 26. Rac1 Nb6 27.
Qxa4 Nxa4 28. Kf1 Re7 29. Re3 Nb6 30. Rc5 Kf8 31. Bf3 Red7 32. Rd3 1-0

[Event "European Rapid 2011"]
[Site "Warsaw POL"]
[Date "2011.12.17"]
[Round "4"]
[White "Kuraszkiewicz, Michael"]
[Black "Dreev, Aleksey"]
[Result "0-1"]
[WhiteElo "2341"]
[BlackElo "2710"]
[PlyCount "124"]
[EventDate "2011.12.17"]

1. d4 d5 2. c4 e6 3. Nc3 c6 4. e3 Nf6 5. Nf3 Nbd7 6. Qc2 b6 7. Bd2 Bb7 8. cxd5
exd5 9. Bd3 c5 10. O-O Be7 11. Ne5 O-O 12. f4 cxd4 13. exd4 Ne4 14. Nxe4 dxe4
15. Bxe4 Nxe5 16. Bxb7 Qxd4+ 17. Kh1 Rad8 18. Bc3 Qd3 19. Qa4 Ng4 20. Bf3 Ne3
21. Rfe1 Bc5 22. Rac1 b5 23. Qe4 Qxe4 24. Bxe4 Ng4 25. h3 Nf2+ 26. Kh2 Bb6 27.
Bc2 Rd7 28. g3 Rfd8 29. Kg2 Nd3 30. Bxd3 Rxd3 31. Re5 a6 32. Rce1 f6 33. Re6
Bc5 34. a3 R3d6 35. Rxd6 Rxd6 36. Re8+ Kf7 37. Ra8 Rc6 38. Be1 Ke6 39. Kf3 Kd5
40. f5 Kc4 41. b4 Bd4 42. Rg8 Rc7 43. Ra8 Ra7 44. Rd8 Be5 45. g4 Bb2 46. Bf2
Rb7 47. Ra8 Bxa3 48. Rxa6 Bxb4 49. h4 Bc3 50. Ke4 Re7+ 51. Re6 Rxe6+ 52. fxe6
Bb4 53. h5 Be7 54. Bd4 b4 55. Ba1 g6 56. Bb2 Kb3 57. Bd4 Kc2 58. Kd5 b3 59.
hxg6 hxg6 60. Kc6 b2 61. Bxb2 Kxb2 62. Kd7 Bb4 0-1

[Event "European Rapid 2011"]
[Site "Warsaw POL"]
[Date "2011.12.17"]
[Round "5"]
[White "Nepomniachtchi, Ian"]
[Black "Sjugirov, Sanan"]
[Result "1/2-1/2"]
[WhiteElo "2730"]
[BlackElo "2622"]
[PlyCount "43"]
[EventDate "2011.12.17"]

1. e4 c5 2. Nf3 Nc6 3. d4 cxd4 4. Nxd4 Nf6 5. Nc3 g6 6. Nxc6 dxc6 7. Qxd8+ Kxd8
8. Bg5 Ke8 9. O-O-O Bg7 10. f3 Be6 11. a3 Rd8 12. Be2 Rxd1+ 13. Rxd1 Nd7 14.
Be3 Bxc3 15. bxc3 b6 16. Ba6 f6 17. Bb7 c5 18. Bc6 Kd8 19. Bb5 Kc8 20. Bf4 Ne5
21. Bg3 Bc4 22. Bxe5 1/2-1/2

[Event "European Rapid 2011"]
[Site "Warsaw POL"]
[Date "2011.12.17"]
[Round "5"]
[White "Andriasian, Zaven"]
[Black "Bacrot, Etienne"]
[Result "0-1"]
[WhiteElo "2619"]
[BlackElo "2714"]
[PlyCount "86"]
[EventDate "2011.12.17"]

1. e4 e5 2. Nf3 Nc6 3. Bb5 Nf6 4. d3 Bc5 5. O-O Nd4 6. Nxd4 Bxd4 7. Nd2 c6 8.
Ba4 d6 9. c3 Bb6 10. Nc4 Bc7 11. Ne3 O-O 12. Qf3 g6 13. Bb3 Qe7 14. h3 Kg7 15.
g4 h5 16. Qg3 hxg4 17. hxg4 Rh8 18. Bd2 Bb6 19. f3 d5 20. Kg2 Be6 21. Rad1 Rad8
22. Bc1 d4 23. Nc4 Bxc4 24. Bxc4 dxc3 25. bxc3 Ba5 26. Bb2 Nh7 27. d4 Bc7 28.
Qf2 Ng5 29. Rh1 Qf6 30. d5 Bb6 31. Qe2 Nh3 32. Bc1 Nf2 33. g5 Qe7 34. Rxh8 Rxh8
35. Rg1 Qd7 36. Kf1 Rh2 37. Be3 Qh3+ 38. Ke1 Bxe3 39. Qxe3 Qh4 40. Kf1 Nh3 41.
Rg4 Rh1+ 42. Kg2 Nf4+ 43. Qxf4 Qh3+ 0-1

[Event "European Rapid 2011"]
[Site "Warsaw POL"]
[Date "2011.12.17"]
[Round "5"]
[White "Naiditsch, Arkadij"]
[Black "Markowski, Tomasz"]
[Result "0-1"]
[WhiteElo "2712"]
[BlackElo "2606"]
[PlyCount "156"]
[EventDate "2011.12.17"]

1. e4 e5 2. Nf3 Nc6 3. Bb5 a6 4. Ba4 Nf6 5. O-O Be7 6. d3 d6 7. c4 O-O 8. h3
Be6 9. Nc3 Nd7 10. Be3 f5 11. exf5 Bxf5 12. Nd5 Nf6 13. Nxe7+ Nxe7 14. d4 e4
15. Nh2 d5 16. c5 Bd7 17. Bb3 Be6 18. f3 Nf5 19. Bg5 Ng3 20. Re1 h6 21. Bh4 Nf5
22. Rxe4 Qd7 23. Rf4 g5 24. Rxf5 Bxf5 25. Bg3 Nh5 26. Be5 Nf4 27. Ng4 Bxg4 28.
hxg4 Ng6 29. Bh2 Rae8 30. Qd3 Re6 31. g3 c6 32. Rf1 Ref6 33. Kg2 Qe6 34. Bg1
Re8 35. Bd1 Kg7 36. Bf2 Qf7 37. Be3 Rfe6 38. Bd2 Rf6 39. b4 Rf8 40. Bc2 Re8 41.
Rf2 Qe6 42. Qf1 Qf7 43. Bd3 Qe6 44. Bc2 Qf7 45. f4 Rf8 46. f5 Ne7 47. Re2 Ng8
48. Qe1 Qc7 49. Re5 R6f7 50. Re6 Nf6 51. Qe5 Qb8 52. a4 Re8 53. Bd3 Rff8 54.
Qxb8 Rxb8 55. Kf3 Rbe8 56. Re5 Nd7 57. Bc3 Kf6 58. Re3 Rxe3+ 59. Kxe3 Re8+ 60.
Kf3 Kf7 61. a5 Nf6 62. Bd2 Ne4 63. Be3 Nxg3 64. Bg1 Ne4 65. Bh2 Nf6 66. Be5 Nd7
67. Bg3 Kf6 68. Kg2 Rh8 69. Be2 h5 70. gxh5 Kxf5 71. Bd3+ Ke6 72. Be2 Nf6 73.
Be5 Rh7 74. Bxf6 Kxf6 75. Bg4 Re7 76. Bc8 Kg7 77. Kg3 Kh6 78. Kg4 Rf7 0-1